Iles où ont été envoyé les Mugiwara par Kuma - Statistiques

Statistiques générales
  • Ce quiz a été pris 38 fois
  • Le résultat moyen est 3 sur 9
Statistiques - réponses
Hint Réponse % Correct
Luffy Amazon Lily
94%
Sanji Kedétrav
49%
Usopp Archipel de Boing
40%
Nami Ile de Weatheria
40%
Franky Baldimore
17%
Chopper Royaume Dézoizo
17%
Robin Tequila Wolf
14%
Zoro Ile de Kuraigana
11%
Brook Ile de Namakura
3%
Aucun quiz correspondant
Distribution des résultats
% des personnes avec chaque résultat
Percentile par nombre de réponses
Votre historique - résultats
Vous n’avez pas pris ce quiz